00771nam a2200205 a 4500003000900000005001700009007000300026008004100029020001800070040002500088082001400113100003000127245007900157260004700236300004300283500006300326500007300389650004800462650005500510DO-SdBNP20240404094740.0ta220706e2021 dr ab||gr|||| 001 0dspa d a9789945097580 aDO-SdBNPbspacBNPHU 4222bC957r1 aCruz Sánchez, Filiberto13aLa revolución de Saint Domingue, 1789- 1804. /cFiliberto Cruz Sánchez a[Santo Domingo] :bEl Nuevo Diario,c2021. a35 p. :bil., fotrogr., mapa ;c20 cm. aIncluye datos biográficos del autor en la contraportada. aImagen de la portada: Batalle de Vertieres, 18 de noviembre de 1803. 4aHaitívRevoluciónxHistoriay1789- 1804 4aHaití xHistoriaxTerritorio ocupadoy1789- 1804